Collins pocket inglés; español/inglés /
Guardado en:
| Autor Principal: | |
|---|---|
| Formato: | Libro |
| Publicado: |
México :
Grijalbo,
1997
|
| Materias: | |
| Etiquetas: |
Agregar Etiqueta
Sin Etiquetas, Sea el primero en etiquetar este registro!
|
| LEADER | 01086nam a22002775a 4500 | ||
|---|---|---|---|
| 001 | CEM.cems016318 | ||
| 005 | 20100705170856.0 | ||
| 008 | 130507s1997##################000#0#####d | ||
| 003 | CEMS | ||
| 082 | 0 | 4 | |a 423.6 |
| 100 | 1 | |a Harper Collins Ed | |
| 245 | 1 | 0 | |a Collins pocket inglés; español/inglés / |c Ed Harper Collins, |
| 260 | |a México : |b Grijalbo, |c 1997 | ||
| 300 | |a 227 p. | ||
| 653 | |a Biblioteca agricu | ||
| 653 | |a Dicciónarios | ||
| 653 | |a Ingles-dicciónarios | ||
| 653 | |a Ingles | ||
| 859 | |a CEMS |b BIB. CEMS - Agricultura |h 423.6 |i H232 |p A20378.99 |t Ej.2 | ||
| 859 | |a CEMS |b BIB. CEMS - Agricultura |h 423.6 |i H232 |p A20379.99 |t Ej.3 | ||
| 859 | |a CEMS |b BIB. CEMS - Agricultura |h 423.6 |i H232 |p A20380.99 |t Ej.4 | ||
| 859 | |a CEMS |b BIB. CEMS - Agricultura |h 423.6 |i H232 |p A20381.99 |t Ej.5 | ||
| 859 | |a CEMS |b BIB. CEMS - Agricultura |h 423.6 |i H232 |p A20382.99 |t Ej.6 | ||
| 859 | |a CEMS |b BIB. CEMS - Agricultura |h 423.6 |i H232 |p A20383.99 |t Ej.7 | ||
| 859 | |a CEMS |b BIB. CEMS - Agricultura |h 423.6 |i H232 |p A20384.99 |t Ej.8 | ||
| 859 | |a CEMS |b BIB. CEMS - Agricultura |h 423.6 |i H232 |p A20386.99 |t Ej.10 | ||
